000 01003nam a2200217Ia 4500
999 _c37555
_d37555
001 3521
003 GE_BSU
005 20190530193507.0
008 181216s1987|||| |||||||||||||| ||geo||
040 _cGE_BSU
041 _ageo
080 _a547(075.8)+547.7 გ-13
100 _aგაბრიაძე, დ.
_91876
245 _aორგანული ქიმია. II ნაწ. კარბოციკლური და ჰეტეროციკლური ნაერთები : სახელმძღვ.
_cდ. გაბრიაძე ; რედ. შ.მიქაძე.
264 _aთბილისი :
_bგანათლება,
_c1987.
300 _a445 გვ .:
_bილ ;
_c22 სმ.
653 _aკარბოციკლური და ჰეტეროციკლური ნაერთები
653 _aორგანული ქიმია
700 _aმიქაძე, შ
_eრედაქტორი
_91877
942 _cBK
_2udc